[Event "GX Alekhine Open da Primavera"]
[Site "Lisboa, Portugal"]
[Date "????.??.??"]
[Round "1.3"]
[White "Reis, Luis Simoes dos"]
[Black "Correia, Pedro Mourao Soares"]
[Result "1-0"]
[WhiteElo "1782"]
[BlackElo "1446"]
[PlyCount "105"]

1. d4 {[%emt 0:00:02]} c5 {[%emt 0:12:48]} 2. e4 {[%emt 0:01:24]} cxd4 {[%emt 0:00:31]} 3. Qxd4 {[%emt 0:00:15]} Nc6 {[%emt 0:00:11]} 4. Qd3 {[%emt 0:00:06]} Nf6 {[%emt 0:02:10]} 5. Nc3 {[%emt 0:00:29]} Nb4 {[%emt 0:11:13]} 6. Qd1 {[%emt 0:01:02]} e6 {[%emt 0:06:53]} 7. a3 {[%emt 0:01:19]} Nc6 {[%emt 0:00:29]} 8. Nf3 {[%emt 0:00:53]} d6 {[%emt 0:03:26]} 9. Be2 {[%emt 0:00:48]} Be7 {[%emt 0:00:39]} 10. O-O {[%emt 0:00:08]} O-O {[%emt 0:00:29]} 11. Bf4 {[%emt 0:03:16]} d5 {[%emt 0:05:10]} 12. exd5 {[%emt 0:03:23]} Nxd5 {[%emt 0:00:46]} 13. Nxd5 {[%emt 0:00:09]} Qxd5 {[%emt 0:02:32]} 14. Qxd5 {[%emt 0:00:10]} exd5 {[%emt 0:00:09]} 15. Rad1 {[%emt 0:05:22]} Be6 {[%emt 0:03:35]} 16. Ne5 {[%emt 0:10:15]} Rac8 {[%emt 0:06:10]} 17. Nxc6 {[%emt 0:08:06]} Rxc6 {[%emt 0:01:24]} 18. c3 {[%emt 0:00:34]} Bf6 {[%emt 0:03:02]} 19. Be3 {[%emt 0:06:27]} Rd8 {[%emt 0:05:31]} 20. Bb5 {[%emt 0:06:19]} Rcc8 {[%emt 0:10:37]} 21. Bxa7 {[%emt 0:00:09]} d4 {[%emt 0:04:12]} 22. Bxd4 {[%emt 0:12:04]} Bxd4 {[%emt 0:01:43]} 23. Rxd4 {[%emt 0:00:21]} Rxd4 {[%emt 0:02:13]} 24. cxd4 {[%emt 0:00:08]} Kf8 {[%emt 0:01:12]} 25. Bd3 {[%emt 0:07:56]} Rd8 {[%emt 0:04:22]} 26. Be4 {[%emt 0:00:09]} b6 {[%emt 0:05:46]} 27. Rd1 {[%emt 0:00:22]} Bd5 {[%emt 0:01:17]} 28. Bxd5 {[%emt 0:00:22]} Rxd5 {[%emt 0:00:04]} 29. Kf1 {[%emt 0:01:05]} Ke7 {[%emt 0:01:31]} 30. Ke2 {[%emt 0:00:14]} Kd6 {[%emt 0:01:11]} 31. Kd3 {[%emt 0:00:25]} f6 {[%emt 0:02:01]} 32. Re1 {[%emt 0:00:43]} Rg5 {[%emt 0:00:53]} 33. g3 {[%emt 0:00:20]} Kd7 {[%emt 0:01:12]} 34. a4 {[%emt 0:00:56]} h5 {[%emt 0:00:54]} 35. h4 {[%emt 0:00:25]} Rd5 {[%emt 0:00:46]} 36. b4 {[%emt 0:01:16]} g5 {[%emt 0:00:18]} 37. hxg5 {[%emt 0:00:16]} Rxg5 {[%emt 0:00:15]} 38. Re4 {[%emt 0:04:04]} Rg8 {[%emt 0:01:11]} 39. d5 {[%emt 0:01:17]} Ra8 40. b5 {[%emt 0:00:21]} Rc8 {[%emt 0:00:24]} 41. Re6 {[%emt 0:00:31]} Rc5 {[%emt 0:00:32]} 42. Kd4 {[%emt 0:00:26]} Rc2 {[%emt 0:00:07]} 43. Rxf6 {[%emt 0:01:02]} Rd2+ {[%emt 0:01:02]} 44. Kc3 {[%emt 0:01:41]} Rxd5 {[%emt 0:00:17]} 45. Rxb6 {[%emt 0:00:12]} Rf5 {[%emt 0:00:25]} 46. f4 {[%emt 0:00:23]} h4 {[%emt 0:00:32]} 47. gxh4 {[%emt 0:00:31]} Rxf4 {[%emt 0:00:07]} 48. Kb3 {[%emt 0:00:42]} Rxh4 {[%emt 0:00:18]} 49. Rc6 {[%emt 0:00:07]} Rg4 {[%emt 0:01:16]} 50. Rc4 {[%emt 0:00:16]} Rg1 {[%emt 0:00:34]} 51. Kb4 {[%emt 0:00:10]} Rf1 {[%emt 0:00:37]} 52. Ka5 {[%emt 0:00:11]} Rf5 {[%emt 0:00:06]} 53. Ka6 {[%emt 0:00:10]} 1-0

[Event "GX Alekhine Open da Primavera"]
[Site "Lisboa, Portugal"]
[Date "????.??.??"]
[Round "1.4"]
[White "Gasalho, Mario da Conceicao Neves"]
[Black "Silva, Reinaldo Joao David Batista Da"]
[Result "0-1"]
[WhiteElo "1437"]
[BlackElo "1781"]
[PlyCount "44"]

1. Nf3 {[%emt 0:00:06]} Nf6 {[%emt 0:00:11]} 2. c4 {[%emt 0:00:19]} g6 {[%emt 0:00:11]} 3. Nc3 {[%emt 0:00:30]} Bg7 {[%emt 0:00:11]} 4. d4 {[%emt 0:00:30]} d5 {[%emt 0:00:26]} 5. h3 {[%emt 0:01:33]} O-O {[%emt 0:00:39]} 6. cxd5 {[%emt 0:03:13]} Nxd5 {[%emt 0:00:14]} 7. e4 {[%emt 0:00:34]} Nxc3 {[%emt 0:00:11]} 8. bxc3 {[%emt 0:00:12]} c5 {[%emt 0:00:14]} 9. Bc4 {[%emt 0:07:09]} Qc7 {[%emt 0:01:44]} 10. Qb3 {[%emt 0:02:24]} Nc6 {[%emt 0:01:46]} 11. Be3 {[%emt 0:07:15]} cxd4 {[%emt 0:00:10]} 12. cxd4 {[%emt 0:01:11]} Na5 {[%emt 0:00:16]} 13. Bxf7+ {[%emt 0:02:00]} Rxf7 {[%emt 0:00:25]} 14. Rc1 {[%emt 0:01:14]} Qxc1+ {[%emt 0:00:15]} 15. Bxc1 {[%emt 0:00:44]} Nxb3 {[%emt 0:00:05]} 16. axb3 {[%emt 0:00:20]} h6 {[%emt 0:00:14]} 17. Ba3 {[%emt 0:07:07]} Bd7 {[%emt 0:00:19]} 18. O-O {[%emt 0:04:08]} Bxh3 {[%emt 0:00:13]} 19. Nh4 {[%emt 0:00:40]} Bd7 {[%emt 0:01:19]} 20. Nxg6 {[%emt 0:00:48]} Kh7 21. Nxe7 Bxd4 22. Kh1 Be6 0-1

[Event "GX Alekhine Open da Primavera"]
[Site "Lisboa, Portugal"]
[Date "????.??.??"]
[Round "1.1"]
[White "Sousa, Joao Alexandre Dinis De"]
[Black "Bravo, Ricardo Antonio Rodrigu"]
[Result "1-0"]
[WhiteElo "2267"]
[BlackElo "1457"]
[PlyCount "59"]

1. e4 {[%emt 0:00:12]} e6 {[%emt 0:00:09]} 2. d4 {[%emt 0:00:18]} d5 {[%emt 0:00:12]} 3. e5 {[%emt 0:00:07]} c5 {[%emt 0:01:03]} 4. c3 {[%emt 0:00:07]} Nc6 {[%emt 0:02:49]} 5. Nf3 {[%emt 0:00:09]} Qb6 {[%emt 0:01:49]} 6. a3 {[%emt 0:00:09]} c4 {[%emt 0:08:17]} 7. g3 {[%emt 0:00:16]} Nge7 {[%emt 0:05:20]} 8. h4 {[%emt 0:03:28]} Bd7 {[%emt 0:05:20]} 9. Bh3 {[%emt 0:00:15]} f6 {[%emt 0:05:26]} 10. exf6 {[%emt 0:02:34]} gxf6 {[%emt 0:00:08]} 11. O-O {[%emt 0:00:24]} O-O-O {[%emt 0:01:17]} 12. Re1 {[%emt 0:02:51]} Na5 {[%emt 0:06:34]} 13. Nbd2 {[%emt 0:00:15]} Bg7 {[%emt 0:04:54]} 14. Rb1 {[%emt 0:03:42]} Nb3 {[%emt 0:07:45]} 15. Nxb3 {[%emt 0:00:36]} cxb3 {[%emt 0:00:14]} 16. Nd2 {[%emt 0:06:53]} f5 {[%emt 0:06:46]} 17. Qxb3 {[%emt 0:00:54]} Qa6 {[%emt 0:01:21]} 18. Bf1 {[%emt 0:00:58]} Qd6 {[%emt 0:03:42]} 19. Qb4 {[%emt 0:02:39]} Be8 {[%emt 0:01:49]} 20. Qxd6 {[%emt 0:01:24]} Rxd6 {[%emt 0:00:09]} 21. Nf3 {[%emt 0:00:32]} h6 {[%emt 0:04:20]} 22. Bf4 {[%emt 0:00:27]} Rb6 {[%emt 0:00:41]} 23. c4 {[%emt 0:06:14]} Ng6 {[%emt 0:08:02]} 24. c5 {[%emt 0:01:12]} Rb3 {[%emt 0:00:48]} 25. Nd2 {[%emt 0:00:24]} Rxa3 {[%emt 0:01:18]} 26. bxa3 {[%emt 0:00:23]} Nxf4 {[%emt 0:00:25]} 27. gxf4 {[%emt 0:00:16]} Bxd4 {[%emt 0:00:22]} 28. Nb3 {[%emt 0:01:00]} Rg8+ {[%emt 0:00:12]} 29. Bg2 {[%emt 0:00:11]} Bf6 {[%emt 0:00:18]} 30. Rxe6 {[%emt 0:00:17]} 1-0

[Event "GX Alekhine Open da Primavera"]
[Site "Lisboa, Portugal"]
[Date "????.??.??"]
[Round "2.1"]
[White "Bras, Hugo Miguel Pereira"]
[Black "Sousa, Joao Alexandre Dinis De"]
[Result "0-1"]
[WhiteElo "1634"]
[BlackElo "2267"]
[PlyCount "84"]

1. d4 {[%emt 0:00:04]} Nf6 {[%emt 0:02:21]} 2. c4 {[%emt 0:01:11]} e6 {[%emt 0:00:08]} 3. g3 {[%emt 0:00:56]} c5 {[%emt 0:00:22]} 4. d5 {[%emt 0:00:27]} exd5 {[%emt 0:00:09]} 5. cxd5 {[%emt 0:00:14]} d6 {[%emt 0:00:12]} 6. Nc3 {[%emt 0:00:33]} g6 {[%emt 0:00:18]} 7. Bg2 {[%emt 0:00:05]} Bg7 {[%emt 0:00:08]} 8. Nf3 {[%emt 0:00:07]} O-O {[%emt 0:00:08]} 9. O-O {[%emt 0:00:05]} Re8 {[%emt 0:00:06]} 10. Bf4 {[%emt 0:00:17]} a6 {[%emt 0:00:17]} 11. a4 {[%emt 0:00:06]} Ne4 {[%emt 0:00:36]} 12. Qc2 {[%emt 0:04:56]} Bf5 {[%emt 0:05:33]} 13. Nxe4 {[%emt 0:04:54]} Rxe4 {[%emt 0:01:48]} 14. Qd2 {[%emt 0:07:05]} Rb4 {[%emt 0:00:32]} 15. Ra2 {[%emt 0:01:29]} Be4 {[%emt 0:03:59]} 16. Rd1 {[%emt 0:08:10]} Qe7 {[%emt 0:02:47]} 17. Ng5 {[%emt 0:06:30]} Bxg2 {[%emt 0:03:02]} 18. Kxg2 {[%emt 0:01:04]} Nd7 {[%emt 0:00:39]} 19. Qc2 {[%emt 0:05:02]} h6 {[%emt 0:04:25]} 20. Nf3 {[%emt 0:02:15]} Re8 {[%emt 0:00:16]} 21. Re1 {[%emt 0:07:25]} Nb6 {[%emt 0:07:57]} 22. Bd2 {[%emt 0:15:15]} Qe4 {[%emt 0:03:18]} 23. Qc1 {[%emt 0:05:49]} Rc4 {[%emt 0:01:07]} 24. Qd1 {[%emt 0:02:13]} Rxa4 {[%emt 0:01:12]} 25. Rxa4 {[%emt 0:01:43]} Qxa4 {[%emt 0:01:15]} 26. b3 {[%emt 0:00:06]} Qe4 {[%emt 0:00:17]} 27. Bf4 {[%emt 0:00:10]} Nxd5 {[%emt 0:02:25]} 28. Bxd6 {[%emt 0:11:27]} Rd8 {[%emt 0:00:17]} 29. Bxc5 {[%emt 0:00:13]} Nf4+ {[%emt 0:00:21]} 30. gxf4 {[%emt 0:00:20]} Rxd1 {[%emt 0:00:18]} 31. Rxd1 {[%emt 0:00:12]} Qxe2 {[%emt 0:00:49]} 32. Rd8+ {[%emt 0:00:23]} Kh7 {[%emt 0:00:11]} 33. Be3 {[%emt 0:04:06]} Qb5 {[%emt 0:01:07]} 34. Nd4 {[%emt 0:00:18]} Bxd4 {[%emt 0:03:54]} 35. Bxd4 {[%emt 0:05:57]} g5 {[%emt 0:00:12]} 36. Be5 {[%emt 0:05:12]} gxf4 {[%emt 0:00:47]} 37. Rh8+ {[%emt 0:01:28]} Kg6 {[%emt 0:00:08]} 38. Bxf4 {[%emt 0:00:11]} h5 {[%emt 0:04:10]} 39. Be3 {[%emt 0:00:52]} Qxb3 {[%emt 0:00:41]} 40. Rh6+ {[%emt 0:00:12]} Kg7 {[%emt 0:00:17]} 41. Rxh5 {[%emt 0:00:24]} b5 {[%emt 0:01:31]} 42. Rh6 {[%emt 0:00:33]} Qxe3 {[%emt 0:00:46]} 0-1

[Event "GX Alekhine Open da Primavera"]
[Site "Lisboa, Portugal"]
[Date "????.??.??"]
[Round "2.2"]
[White "Pereira, Jose Antonio Gomes de"]
[Black "Reis, Luis Simoes dos"]
[Result "0-1"]
[WhiteElo "1543"]
[BlackElo "1782"]
[PlyCount "142"]

1. d4 {[%emt 0:05:58]} d6 {[%emt 0:00:50]} 2. e4 {[%emt 0:02:54]} Nf6 {[%emt 0:00:13]} 3. Nc3 {[%emt 0:01:42]} g6 {[%emt 0:00:13]} 4. f3 {[%emt 0:00:47]} c6 {[%emt 0:00:18]} 5. Be3 {[%emt 0:00:26]} b5 {[%emt 0:00:38]} 6. Qd2 {[%emt 0:01:03]} Nbd7 {[%emt 0:01:28]} 7. d5 {[%emt 0:08:25]} b4 {[%emt 0:00:50]} 8. dxc6 {[%emt 0:01:46]} bxc3 {[%emt 0:06:44]} 9. cxd7+ {[%emt 0:00:11]} Bxd7 {[%emt 0:00:11]} 10. Qxc3 {[%emt 0:01:50]} Bg7 {[%emt 0:00:09]} 11. Qd2 {[%emt 0:08:12]} O-O {[%emt 0:05:02]} 12. Bh6 {[%emt 0:03:52]} Bxh6 {[%emt 0:15:23]} 13. Qxh6 {[%emt 0:00:08]} Qb6 {[%emt 0:00:11]} 14. O-O-O {[%emt 0:15:29]} Be6 {[%emt 0:04:57]} 15. b3 {[%emt 0:06:33]} a5 {[%emt 0:04:00]} 16. Ne2 {[%emt 0:08:29]} a4 {[%emt 0:00:48]} 17. Nd4 {[%emt 0:01:38]} axb3 {[%emt 0:06:53]} 18. Nxe6 {[%emt 0:01:06]} fxe6 {[%emt 0:01:03]} 19. axb3 {[%emt 0:09:02]} Ra1+ {[%emt 0:06:09]} 20. Kd2 {[%emt 0:00:28]} Nxe4+ {[%emt 0:23:43]} 21. fxe4 {[%emt 0:00:44]} Qb4+ {[%emt 0:00:19]} 22. c3 {[%emt 0:10:57]} Rxd1+ {[%emt 0:11:13]} 23. Kxd1 {[%emt 0:00:16]} Qxb3+ {[%emt 0:00:05]} 24. Ke2 {[%emt 0:06:35]} Qc4+ {[%emt 0:02:07]} 25. Kd1 {[%emt 0:03:13]} Rxf1+ {[%emt 0:00:31]} 26. Rxf1 {[%emt 0:00:01]} Qxf1+ {[%emt 0:00:10]} 27. Kc2 {[%emt 0:01:21]} Qxg2+ {[%emt 0:00:30]} 28. Kd3 {[%emt 0:00:35]} Qf3+ {[%emt 0:00:39]} 29. Kd4 {[%emt 0:00:18]} Qd1+ {[%emt 0:06:05]} 30. Kc4 {[%emt 0:00:27]} Qa4+ {[%emt 0:00:25]} 31. Kd3 {[%emt 0:00:07]} Qb5+ {[%emt 0:00:10]} 32. Kd4 {[%emt 0:00:53]} e5+ {[%emt 0:00:29]} 33. Ke3 {[%emt 0:00:10]} Qc4 {[%emt 0:00:59]} 34. Qh4 {[%emt 0:01:14]} Qxc3+ {[%emt 0:00:15]} 35. Ke2 {[%emt 0:00:31]} Qc4+ {[%emt 0:00:31]} 36. Kd2 {[%emt 0:00:30]} Qf7 {[%emt 0:00:56]} 37. Kc3 {[%emt 0:00:25]} Qf3+ {[%emt 0:00:40]} 38. Kc4 {[%emt 0:00:24]} Qf6 {[%emt 0:00:46]} 39. Qe1 {[%emt 0:00:49]} Qe6+ {[%emt 0:00:57]} 40. Kb5 {[%emt 0:00:19]} Qb3+ {[%emt 0:00:11]} 41. Kc6 {[%emt 0:00:15]} Qa4+ {[%emt 0:01:13]} 42. Kd5 {[%emt 0:00:47]} Qa2+ {[%emt 0:00:21]} 43. Kc6 {[%emt 0:00:13]} Qxh2 {[%emt 0:00:54]} 44. Kd7 {[%emt 0:00:18]} Kf8 {[%emt 0:00:25]} 45. Qa5 {[%emt 0:00:54]} Qh3+ {[%emt 0:00:30]} 46. Kd8 {[%emt 0:00:30]} Qe6 {[%emt 0:01:25]} 47. Qa4 {[%emt 0:00:45]} Qf7 {[%emt 0:00:39]} 48. Qd7 {[%emt 0:00:32]} Kg7 {[%emt 0:00:13]} 49. Qg4 {[%emt 0:00:30]} h5 {[%emt 0:00:37]} 50. Qh3 {[%emt 0:00:27]} Kh6 {[%emt 0:00:36]} 51. Qh4 {[%emt 0:00:32]} Qf6 {[%emt 0:00:18]} 52. Qh3 {[%emt 0:00:28]} e6+ {[%emt 0:00:38]} 53. Kd7 {[%emt 0:00:21]} d5 {[%emt 0:00:16]} 54. Kd6 {[%emt 0:00:40]} dxe4 {[%emt 0:00:41]} 55. Qe3+ {[%emt 0:00:18]} Qf4 {[%emt 0:00:27]} 56. Qb3 {[%emt 0:00:44]} e3 {[%emt 0:00:17]} 57. Qxe6 {[%emt 0:00:26]} e2 {[%emt 0:00:56]} 58. Qg8 {[%emt 0:00:01]} e1=Q {[%emt 0:00:38]} 59. Qh8+ {[%emt 0:00:21]} Kg5 {[%emt 0:00:02]} 60. Qd8+ {[%emt 0:00:20]} Qf6+ {[%emt 0:00:06]} 61. Kc7 {[%emt 0:00:44]} Qxd8+ {[%emt 0:00:03]} 62. Kxd8 {[%emt 0:00:01]} e4 {[%emt 0:00:30]} 63. Kc7 {[%emt 0:00:01]} Qa5+ {[%emt 0:00:18]} 64. Kc6 e3 {[%emt 0:00:09]} 65. Kd6 {[%emt 0:00:01]} e2 {[%emt 0:00:05]} 66. Kc6 {[%emt 0:00:05]} e1=R {[%emt 0:00:14]} 67. Kd6 Qe5+ {[%emt 0:00:15]} 68. Kc6 {[%emt 0:00:01]} Rd1 {[%emt 0:00:15]} 69. Kb7 {[%emt 0:00:04]} Rc1 {[%emt 0:00:24]} 70. Kb6 {[%emt 0:00:02]} Qb8+ {[%emt 0:00:17]} 71. Ka6 {[%emt 0:00:02]} Ra1# {[%emt 0:00:08]} 0-1

[Event "GX Alekhine Open da Primavera"]
[Site "Lisboa, Portugal"]
[Date "????.??.??"]
[Round "2.4"]
[White "Azinheira, Andre Torres"]
[Black "Seia, Joao Manuel Barradas"]
[Result "1-0"]
[WhiteElo "1767"]
[BlackElo "1508"]
[PlyCount "59"]

1. e4 {[%emt 0:06:33]} c5 {[%emt 0:00:09]} 2. Nc3 {[%emt 0:00:07]} d6 {[%emt 0:01:11]} 3. f4 {[%emt 0:01:04]} Nc6 {[%emt 0:01:15]} 4. Nf3 {[%emt 0:00:17]} Nf6 {[%emt 0:04:13]} 5. Bc4 {[%emt 0:00:21]} Na5 {[%emt 0:09:40]} 6. Bb5+ {[%emt 0:02:11]} Bd7 {[%emt 0:01:03]} 7. Bxd7+ {[%emt 0:00:15]} Qxd7 {[%emt 0:01:45]} 8. O-O {[%emt 0:00:17]} Nc6 {[%emt 0:01:06]} 9. d3 {[%emt 0:01:55]} g6 {[%emt 0:03:14]} 10. h3 {[%emt 0:01:04]} Bg7 {[%emt 0:03:47]} 11. Be3 {[%emt 0:01:36]} b6 {[%emt 0:02:20]} 12. Qe1 {[%emt 0:03:02]} h5 {[%emt 0:14:04]} 13. a3 {[%emt 0:04:55]} a6 {[%emt 0:05:31]} 14. Rd1 {[%emt 0:02:17]} b5 {[%emt 0:08:08]} 15. e5 {[%emt 0:05:07]} dxe5 {[%emt 0:07:26]} 16. fxe5 {[%emt 0:02:38]} Nd5 {[%emt 0:00:45]} 17. Bxc5 {[%emt 0:00:58]} Nxc3 {[%emt 0:00:21]} 18. Qxc3 {[%emt 0:04:03]} Qd5 {[%emt 0:02:03]} 19. d4 {[%emt 0:00:36]} Rc8 {[%emt 0:00:39]} 20. b4 {[%emt 0:04:33]} O-O {[%emt 0:00:59]} 21. Qd3 {[%emt 0:01:58]} Rfd8 {[%emt 0:01:49]} 22. Ng5 {[%emt 0:17:11]} Nxe5 {[%emt 0:11:44]} 23. dxe5 {[%emt 0:07:07]} Qxe5 {[%emt 0:00:12]} 24. Qxd8+ {[%emt 0:10:54]} Rxd8 {[%emt 0:00:19]} 25. Rxd8+ {[%emt 0:00:05]} Bf8 {[%emt 0:00:43]} 26. Rxf7 {[%emt 0:01:24]} Qe1+ {[%emt 0:01:42]} 27. Rf1 {[%emt 0:00:23]} Qe5 {[%emt 0:01:41]} 28. Rfxf8+ {[%emt 0:00:27]} Kg7 {[%emt 0:00:32]} 29. Rg8+ {[%emt 0:00:33]} Kf6 {[%emt 0:00:44]} 30. Bd4 {[%emt 0:00:07]} 1-0

[Event "GX Alekhine Open da Primavera"]
[Site "Lisboa, Portugal"]
[Date "????.??.??"]
[Round "2.3"]
[White "Silva, Reinaldo Joao David Batista Da"]
[Black "Rodrigues, Miguel Tiago Melfe"]
[Result "1-0"]
[WhiteElo "1781"]
[BlackElo "1602"]
[PlyCount "59"]

1. Nf3 {[%emt 0:55:21]} d5 {[%emt 0:08:02]} 2. e3 {[%emt 0:00:18]} Nf6 {[%emt 0:01:38]} 3. b3 {[%emt 0:00:08]} Bf5 {[%emt 0:01:49]} 4. Bb2 {[%emt 0:00:30]} e6 {[%emt 0:01:34]} 5. d4 {[%emt 0:00:44]} Nbd7 {[%emt 0:02:38]} 6. Bd3 {[%emt 0:01:16]} Ne4 {[%emt 0:08:00]} 7. O-O {[%emt 0:03:57]} Be7 {[%emt 0:01:03]} 8. c4 {[%emt 0:00:48]} c6 {[%emt 0:00:54]} 9. Qc2 {[%emt 0:07:01]} Bg6 {[%emt 0:07:36]} 10. Ne5 {[%emt 0:02:32]} Ndf6 {[%emt 0:15:10]} 11. f3 {[%emt 0:08:34]} Nd6 {[%emt 0:01:19]} 12. Nxg6 {[%emt 0:00:46]} hxg6 {[%emt 0:00:13]} 13. e4 {[%emt 0:00:20]} Nh5 {[%emt 0:03:09]} 14. c5 {[%emt 0:17:19]} Nc8 {[%emt 0:03:42]} 15. g3 {[%emt 0:06:08]} dxe4 {[%emt 0:07:42]} 16. fxe4 {[%emt 0:06:05]} Bg5 {[%emt 0:00:50]} 17. Rf3 {[%emt 0:05:27]} Nf6 {[%emt 0:06:51]} 18. Nd2 {[%emt 0:11:28]} Bxd2 {[%emt 0:02:47]} 19. Qxd2 {[%emt 0:01:00]} Ng4 {[%emt 0:00:30]} 20. h4 {[%emt 0:00:58]} O-O {[%emt 0:06:31]} 21. Raf1 {[%emt 0:01:22]} Nf6 {[%emt 0:02:53]} 22. d5 {[%emt 0:05:54]} exd5 {[%emt 0:02:58]} 23. Rxf6 {[%emt 0:02:39]} dxe4 {[%emt 0:00:41]} 24. Rxf7 {[%emt 0:03:21]} Rxf7 {[%emt 0:00:30]} 25. Rxf7 Kxf7 26. Bc4+ Ke7 27. Qg5+ Kd7 28. Be6+ Kc7 29. Be5+ Nd6 30. Bxd6+ 1-0

[Event "GX Alekhine Open da Primavera"]
[Site "Lisboa, Portugal"]
[Date "????.??.??"]
[Round "3.3"]
[White "Villarroel Contreras, Fernando"]
[Black "Silva, Reinaldo Joao David Batista Da"]
[Result "0-1"]
[WhiteElo "1388"]
[BlackElo "1781"]
[PlyCount "58"]

1. e4 {[%emt 0:00:04]} d5 {[%emt 0:00:13]} 2. exd5 {[%emt 0:00:15]} Qxd5 {[%emt 0:00:10]} 3. Nc3 {[%emt 0:00:11]} Qd6 {[%emt 0:00:11]} 4. Nf3 {[%emt 0:03:09]} Nf6 {[%emt 0:00:15]} 5. Bc4 {[%emt 0:08:21]} a6 {[%emt 0:00:59]} 6. a3 {[%emt 0:00:42]} Be6 {[%emt 0:02:46]} 7. Qe2 {[%emt 0:03:14]} Bxc4 {[%emt 0:01:50]} 8. Qxc4 {[%emt 0:00:03]} b5 {[%emt 0:02:56]} 9. Qe2 {[%emt 0:11:11]} g6 {[%emt 0:06:47]} 10. Ne4 {[%emt 0:05:22]} Nxe4 {[%emt 0:02:22]} 11. Qxe4 {[%emt 0:00:03]} Nc6 {[%emt 0:03:40]} 12. O-O {[%emt 0:02:40]} Bg7 {[%emt 0:01:53]} 13. d3 {[%emt 0:12:00]} O-O {[%emt 0:05:36]} 14. Rb1 {[%emt 0:04:49]} f5 {[%emt 0:10:31]} 15. Qe2 {[%emt 0:02:34]} e5 {[%emt 0:02:53]} 16. Bd2 {[%emt 0:12:45]} Rfe8 {[%emt 0:13:47]} 17. Qe3 {[%emt 0:07:01]} Rad8 {[%emt 0:06:57]} 18. Rbd1 {[%emt 0:08:27]} h6 {[%emt 0:08:49]} 19. Ne1 {[%emt 0:08:37]} Kh7 {[%emt 0:01:12]} 20. h4 {[%emt 0:01:28]} Rd7 {[%emt 0:08:49]} 21. c3 {[%emt 0:01:13]} Na5 {[%emt 0:03:34]} 22. h5 {[%emt 0:05:08]} gxh5 {[%emt 0:02:44]} 23. Qf3 {[%emt 0:00:08]} Qg6 {[%emt 0:01:00]} 24. b4 {[%emt 0:00:23]} Nc6 {[%emt 0:03:00]} 25. Qe3 {[%emt 0:00:46]} e4 {[%emt 0:01:35]} 26. d4 {[%emt 0:00:04]} Ne7 {[%emt 0:00:58]} 27. Nc2 {[%emt 0:00:49]} Nd5 {[%emt 0:00:57]} 28. Qe2 {[%emt 0:00:28]} f4 {[%emt 0:01:34]} 29. c4 {[%emt 0:00:38]} f3 {[%emt 0:00:24]} 0-1

[Event "GX Alekhine Open da Primavera"]
[Site "Lisboa, Portugal"]
[Date "????.??.??"]
[Round "3.1"]
[White "Sousa, Joao Alexandre Dinis De"]
[Black "Azinheira, Andre Torres"]
[Result "1-0"]
[WhiteElo "2267"]
[BlackElo "1767"]
[PlyCount "121"]

1. e4 {[%emt 0:00:03]} c5 {[%emt 0:06:56]} 2. Nf3 {[%emt 0:00:09]} Nc6 {[%emt 0:00:51]} 3. d4 {[%emt 0:00:17]} cxd4 {[%emt 0:00:09]} 4. Nxd4 {[%emt 0:00:06]} g6 {[%emt 0:00:11]} 5. c4 {[%emt 0:00:22]} Nf6 {[%emt 0:00:09]} 6. Nc3 {[%emt 0:00:27]} d6 {[%emt 0:00:11]} 7. Be2 {[%emt 0:00:46]} Nxd4 {[%emt 0:00:15]} 8. Qxd4 {[%emt 0:00:18]} Bg7 {[%emt 0:00:10]} 9. Be3 {[%emt 0:00:10]} O-O {[%emt 0:00:22]} 10. Qd2 {[%emt 0:00:27]} a5 {[%emt 0:00:22]} 11. O-O {[%emt 0:01:26]} a4 {[%emt 0:00:40]} 12. Rac1 {[%emt 0:03:25]} Qa5 {[%emt 0:01:51]} 13. Rfd1 {[%emt 0:02:25]} Be6 {[%emt 0:02:18]} 14. f3 {[%emt 0:01:36]} Rfc8 {[%emt 0:00:43]} 15. Nd5 {[%emt 0:06:46]} Qxd2 {[%emt 0:00:30]} 16. Rxd2 {[%emt 0:04:41]} Nxd5 {[%emt 0:00:35]} 17. exd5 {[%emt 0:00:12]} Bd7 {[%emt 0:02:27]} 18. Bd3 {[%emt 0:05:32]} b5 {[%emt 0:01:58]} 19. c5 {[%emt 0:00:53]} dxc5 {[%emt 0:04:56]} 20. Rxc5 {[%emt 0:00:08]} Rxc5 {[%emt 0:03:11]} 21. Bxc5 {[%emt 0:00:04]} Bf6 {[%emt 0:01:39]} 22. b4 {[%emt 0:11:35]} axb3 {[%emt 0:01:42]} 23. axb3 {[%emt 0:00:03]} e6 {[%emt 0:07:36]} 24. Be4 {[%emt 0:08:44]} Ra6 {[%emt 0:28:43]} 25. b4 {[%emt 0:01:51]} exd5 {[%emt 0:01:11]} 26. Bxd5 {[%emt 0:01:11]} Be6 {[%emt 0:00:09]} 27. Bxe6 {[%emt 0:00:59]} Rxe6 {[%emt 0:00:06]} 28. Rd7 {[%emt 0:00:30]} Re1+ {[%emt 0:08:07]} 29. Kf2 {[%emt 0:00:11]} Rb1 {[%emt 0:00:27]} 30. Rb7 {[%emt 0:00:56]} Be5 {[%emt 0:00:26]} 31. g3 {[%emt 0:01:23]} Rb2+ {[%emt 0:01:16]} 32. Ke3 {[%emt 0:08:15]} Rxh2 {[%emt 0:01:32]} 33. f4 {[%emt 0:00:03]} Bc3 {[%emt 0:01:50]} 34. Rxb5 {[%emt 0:00:48]} Rh3 {[%emt 0:03:17]} 35. Kf3 {[%emt 0:02:36]} Be1 {[%emt 0:04:57]} 36. Ke4 {[%emt 0:14:23]} f5+ {[%emt 0:04:46]} 37. Ke5 {[%emt 0:05:00]} Bc3+ {[%emt 0:08:23]} 38. Ke6 {[%emt 0:00:18]} Kg7 {[%emt 0:00:52]} 39. Rb7+ {[%emt 0:01:30]} Kh6 {[%emt 0:00:28]} 40. Bf8+ {[%emt 0:01:19]} Kh5 {[%emt 0:00:08]} 41. Rxh7+ {[%emt 0:01:28]} Kg4 {[%emt 0:00:25]} 42. Rxh3 {[%emt 0:00:07]} Kxh3 {[%emt 0:00:10]} 43. b5 {[%emt 0:00:12]} Bd4 {[%emt 0:00:16]} 44. Kf7 {[%emt 0:01:03]} Kxg3 {[%emt 0:00:39]} 45. Bd6 {[%emt 0:01:21]} Kf3 {[%emt 0:04:01]} 46. Bc7 {[%emt 0:01:43]} Kg4 {[%emt 0:00:51]} 47. Kxg6 {[%emt 0:00:11]} Bc5 {[%emt 0:00:22]} 48. Kf6 {[%emt 0:00:19]} Ba7 {[%emt 0:00:33]} 49. Ke5 {[%emt 0:00:18]} Be3 {[%emt 0:00:37]} 50. Kd5 {[%emt 0:00:32]} Ba7 {[%emt 0:00:30]} 51. Kc6 {[%emt 0:00:21]} Bd4 {[%emt 0:00:54]} 52. b6 {[%emt 0:00:15]} Bxb6 {[%emt 0:00:38]} 53. Kxb6 {[%emt 0:00:10]} Kh5 {[%emt 0:00:26]} 54. Kc6 {[%emt 0:00:09]} Kg6 {[%emt 0:00:11]} 55. Kd5 {[%emt 0:00:08]} Kf6 {[%emt 0:00:26]} 56. Bd8+ {[%emt 0:00:26]} Kf7 {[%emt 0:00:16]} 57. Ke5 {[%emt 0:00:07]} Ke8 {[%emt 0:00:43]} 58. Bh4 {[%emt 0:00:16]} Kf7 {[%emt 0:00:16]} 59. Kxf5 {[%emt 0:00:08]} Kg7 {[%emt 0:00:08]} 60. Ke5 {[%emt 0:00:57]} Kg8 61. Ke6 1-0